العقل العربي في القرآن / (Record no. 13937)
[ view plain ]
| 000 -الفاتح | |
|---|---|
| حقل البيانات ثابتة الطول | 00857nam a22001937a 4500 |
| 008 - عناصر البيانات ثابتة الطول - معلومات عامة | |
| حقل البيانات ثابتة الطول | 100426s2005 mr|||||r|||| 000 0 ara d |
| 020 ## - الرقم الدولى المعيارى للكتب | |
| الرقم الدولى المعيارى للكتاب | 9953680809 |
| 082 ## - رقم تصنيف ديوى العشرى | |
| رقم الطبعة | 22 |
| رقم التصنيف | 229 |
| رقم المادة | ك م و |
| 100 ## - المدخل الرئيسى - إسم شخصى | |
| 9 (RLIN) | 13682 |
| الإسم الشخصى | كموني، حسن |
| 245 ## - بيان العنوان | |
| العنوان | العقل العربي في القرآن / |
| بيان المسئوليه,etc | سعد حسن كموني |
| 260 ## - PUBLICATION, DISTRIBUTION, ETC. (IMPRINT) | |
| مكان الناشر او الموزع | الدار البيضاء: |
| اسم الناشر او الموزع | المركز الثقافي العربي ، 2005 |
| تاريخ النشر أو التوزيع | 2005 |
| 300 ## - الوصف المادى | |
| التعداد | 360 ص ؛ |
| أبعاد الوعاء | 23 سم |
| 504 ## - تبصرة ببليوجرافية | |
| تبصرة ببليوجرافية,الخ | ببليوجرافية ص 347-356 |
| 650 ## - المدخل الاضافى بالموضوع-مصطلح موضوعى | |
| 9 (RLIN) | 8720 |
| مصطلح موضوعي أو اسم جغرافي كعنصر مدخل | القرآن - أسباب النزول |
| 650 ## - المدخل الاضافى بالموضوع-مصطلح موضوعى | |
| 9 (RLIN) | 13684 |
| مصطلح موضوعي أو اسم جغرافي كعنصر مدخل | القرآن، أمثال |
| 650 ## - المدخل الاضافى بالموضوع-مصطلح موضوعى | |
| 9 (RLIN) | 13683 |
| مصطلح موضوعي أو اسم جغرافي كعنصر مدخل | القرآن، مباحث عامة |
| 942 ## - عناصر المدخل الإضافي( كوها) | |
| مصدر التصنيف او مخطط الترفيف | Dewey Decimal Classification |
| Koha [default] item type | Book - Borrowing |
| حالة التراجع | حالة الفقد | مصدر التصنيف او خطة الترفيف | حالة تلف | ليس للاعارة | مجموعات كوها | المكان الدائم | المكان الحالي | موقع الترفيف | تاريخ الاكتساب | Source of acquisition | سعر الشراء الطبيعي | تعداد مسلسل / التسلسل الزمني | رقم الاستدعاء | الباركود | Date last seen | مُعار | نوع الوعاء |
|---|---|---|---|---|---|---|---|---|---|---|---|---|---|---|---|---|---|
| Dewey Decimal Classification | المركز الثقافى العربي | Central Library | Central Library | Lower Floor | 26/04/2010 | 55.00 | 1 | 229 كمو | 000020730 | 15/07/2025 | 11/09/2011 | Book - Borrowing |